The Italy Quiz Stats

 Plays Quiz Updated Sep 19, 2018

Also try: The France Quiz
Challenge
Share
Tweet
Embed
Score 0/50 Timer 07:00
1 Play Today
Hint Answer % Correct
Flag ColorRed
99%
Flag ColorGreen
98.7%
Flag ColorWhite
98.7%
Capital CityRome
97.8%
Nationality (Demonym)Italian
94.5%
Official LanguageItalian
94.5%
CurrencyEuro (EUR)
92.4%
City of CanalsVenice
89%
Bordering CountryFrance
88.6%
Largest Religious DenominationRoman Catholic
87.5%
Drives on the...Right
86.4%
Most Popular SportFootball (Soccer)
85.6%
Primary ContinentEurope
84.3%
Bordering CountrySwitzerland
84.1%
Leaning Tower of...Pisa
83.4%
Lowest Point (0 m)Mediterranean Sea
78.8%
Bordering CountryAustria
77.4%
Largest RegionSicily
74.9%
Largest IslandSicily
74.9%
Age of Suffrage18 (except in senatorial elections, 25)
74.9%
Second Largest CityMilan
74.4%
Bordering SeaMediterranean Sea
72.1%
Birthplace of Italian RenaissanceFlorence
69.2%
Bordering CountryVatican City
68%
Former CurrencyItalian Lira
66.5%
Hint Answer % Correct
Official NameItalian Republic
63.5%
Bordering CountrySlovenia
57.8%
Bordering CountrySan Marino
57.1%
# of Regions20
53.6%
Last City to Host the OlympicsTurin
52.9%
Bordering SeaAdriatic Sea
49.3%
Longest RiverPo River
49.2%
Largest Active Volcano in EuropeMount Etna
49.1%
Second Largest IslandSardinia
47%
First Emperor of Roman EmpireAugustus
39.3%
World Cup Host Year(s)1934 & 1990
36.6%
Prime MinisterGiuseppe Conte
30.9%
National AnimalItalian Wolf
21.7%
Largest StadiumSan Siro
20.7%
Oldest Institution of Higher LearningUniversity of Bologna
19%
Highest Point (4,748 m)Monte Bianco di Courmayeur
18.5%
Bordering SeaIonian Sea
17.6%
Patron Saint (Male)Saint Francis of Assisi
17.3%
Largest LakeLake Garda
16.3%
Bordering SeaTyrrhenian Sea
13.3%
PresidentSergio Mattarella
12.3%
Republic DayJune 2, 1946
9.3%
Patron Saint (Female)Saint Catherine of Siena
8.4%
Bordering SeaLigurian Sea
8.2%
Presidential ResidenceQuirinal Palace
5%

You're not logged in!

Compare scores with friends on all Sporcle quizzes.
OR
Log In

You Might Also Like...

Show Comments

Extras

Top Quizzes Today


Score Distribution

Your Account Isn't Verified!

In order to create a playlist on Sporcle, you need to verify the email address you used during registration. Go to your Sporcle Settings to finish the process.

Report this User

Report this user for behavior that violates our Community Guidelines.

Details: